Uninfos '98 (univerzitné informačné systémy) : medzinárodná konferencia, Nitra, 15.-17. apríl 1998 : zborník
| Corporate Author: | |
|---|---|
| Format: | Conference Proceeding Book |
| Language: | Slovak Czech English |
| PhysicalDescription: | 150 strán fotografie, schémy, tabuľky 21 cm |
| Published: |
V Nitre
Slovenská poľnohospodárska univerzita
1998
|
| ISBN: | 807137475X |
| Subjects: |
MARC
| LEADER | 00000cam a2200000 a 4500 | ||
|---|---|---|---|
| 001 | vtls001336074 | ||
| 003 | SK-MaSNL | ||
| 005 | 20260301200534.0 | ||
| 008 | 220509s1998 xo ol frn 10000 slo | ||
| 015 | |a SNBA1998/10-03839 | ||
| 020 | |a 807137475X | ||
| 035 | |a SNK000289056 | ||
| 035 | |a urn:nbn:sk:snk-am3izlm | ||
| 035 | |a 3F501057-174F-45B0-A740-122961BD72F8 | ||
| 035 | |a urn:nbn:sk:snk-am00gg22 | ||
| 040 | |a SNK |b slo |c SNK |e AACR2 | ||
| 041 | 0 | |a slo |a cze |a eng |b eng | |
| 044 | |a xo |c SK | ||
| 072 | 7 | |a 007 |x Teória systémov. Automatické systémy. Kybernetika. Informačné systémy |2 konspekt | |
| 080 | |a 378:002:681.3(082) |2 1981 | ||
| 080 | |a 002:681.3(082) |2 1981 | ||
| 080 | |a 681.3(682) |2 1981 | ||
| 080 | |a 378 |2 2011 | ||
| 080 | |a 007+004 |2 2011 | ||
| 080 | |a (062.534) |2 2011 | ||
| 111 | 2 | |a UNINFOS |n (4. : |d 1998 : |c Nitra, Slovensko) |4 aut |9 36628 | |
| 245 | 1 | 0 | |a Uninfos '98 |b (univerzitné informačné systémy) : medzinárodná konferencia, Nitra, 15.-17. apríl 1998 : zborník |c autor: kolektív |
| 246 | 2 | |a Univerzitné informačné systémy | |
| 260 | |a V Nitre |b Slovenská poľnohospodárska univerzita |c 1998 | ||
| 300 | |a 150 strán |b fotografie, schémy, tabuľky |c 21 cm | ||
| 366 | |e 220 kusov | ||
| 504 | |a Obsahuje bibliografické odkazy | ||
| 546 | |a Anglické resumé. Čiastočný text v angličtine a češtine | ||
| 650 | 0 | 7 | |a vysoké školy |2 SNKPH |9 1277 |
| 650 | 0 | 7 | |a informačné systémy |2 SNKPH |9 1128 |
| 655 | 7 | |a zborníky konferencií |2 SNKPH |9 70153 | |
| 752 | |a Slovensko |d Nitra | ||
| 919 | |a 80-7137-475-X | ||
| 958 | |a ART | ||
| 958 | |a TL | ||
| 958 | |a NB | ||
| 958 | |a OND | ||
| 999 | |c 890940 |d 892870 | ||
| 952 | |t P60, <03>, [BOOK], {603} |a SNK |b SNK |y PREZ |7 0 |p 17A0147852 |o snkSC 96239 |i snkKSP 6926/98 |0 0 |1 0 |4 0 |d 1998-07-07 |l 0 |r 2025-09-16 00:00:00 |w 2026-02-24 | ||
| 952 | |t P60, <04>, [BOOK], {604} |a SNK |b SNK |y VYP |7 0 |p 17A0147853 |o snkSC 96239 D1 |i snkKSP 6927/98 |0 0 |1 0 |4 0 |d 1998-07-07 |l 0 |r 2005-01-02 00:00:00 |w 2026-02-24 | ||


